LEADER 00639nam a2200193 i 4500 001 000000249071 003 CaOOAMICUS 005 20160428000000.0 008 160428s1847 xx u000 u fre u 013 $a227976 040 $aSeMil$bita 245 10$aTome 19.2. 300 $aP. 401-800. 773 0 $tEncyclopédie du dix-neuvieme siècle.$dParis : Au Bureau de l' Encyclopédie du XIXe siècle, 1838.$g38$w()11611 850 $aSeMil 852 $aSeMil$W1$xVenegono$y1$m1D III 38 FA$j199417$B199417$CSeMilBibl$Z2$F210862 $8I 941 1 $a10 961 $aRecupero: Mantegazza 996 $6245$aTome 19.2$9(OLS)http://semarc/title/351342 LEADER 01168nam a2200277 i 4500 001 000000102183 003 CaOOAMICUS 005 20230302141740.0 008 050401s1992 it u000 u ita u 013 $a74336 020 $a88-7610-407-0 040 $aSeMil$bita 100 1 $aStancari, Pino,$c.$0(OLS)http://semarc/name/25238 245 12$aI passi di un pellegrino :$bi Canti delle Ascensioni (Salmi 120-134) /$cPino Stancari. 260 $aMilano :$bÀncora,$c1992. 300 $a111 p. ;$c19 cm. 490 0 $aCollana di testi spirituali ;$v7 650 4$aBibbia. Antico Testamento. Salmi, 120-134.$0(OLS)http://semarc/subject/18076 830 0$aCollana di testi spirituali ;$v7.$0(OLS)http://semarc/title/442986 850 $aSeMil 852 $aSeMil$W1$xVenegono$y1$m3G II 212$j58757$B58757$CSeMilBibl$Z2$F69695 $81 961 $aOmaggio: Caspani don Pierpaolo 996 $6020$a88-7610-407-0$9(OLS)http://semarc/number/79399 996 $6245$aI passi di un pellegrino :$bi Canti delle Ascensioni (Salmi 120-134)$9(OLS)http://semarc/title/148906 996 $6260$aMilano :$bÀncora$9(OLS)http://semarc/publisher/29763